Statistics for Darius Rucker Songs

Click here to take the quiz!

General Stats

  • This quiz has been taken 30 times
    (29 since last reset)
  • The average score is 4 of 11

Answer Stats

YearPeakSong% Correct
20131Wagon Wheel
96%
20091Alright
61%
20174If I Told You
48%
20101Come Back Song
43%
20111This
43%
20217Beers and Sunshine
39%
20156Homegrown Honey
39%
20081Don't Think I Don't Think About It
35%
20187For The First Time
30%
20103History In The Making
13%
20091I Won't Be Like This For Long
0%

Score Distribution

Percentile by Number Answered

Percent of People with Each Score

Your Score History

You have not taken this quiz since the last reset